| 000 | 00701nam a2200253 a 4500 | ||
|---|---|---|---|
| 001 | 55408 | ||
| 003 | BD-RjUL | ||
| 005 | 20211209080248.0 | ||
| 008 | 161117s19541953enkp|||| |||| 001 0 eng d | ||
| 035 | _a(BD-RjUL) | ||
| 040 |
_dBD-RjUL _aBD-RjUL _beng _cBD-RjUL |
||
| 041 | _aeng | ||
| 082 |
_a579 _223 _bFRF 1954 |
||
| 100 | 1 |
_aFrobisher, Martin. _9119203 |
|
| 245 | 0 | 0 |
_aFundamentals of microbiology / _cMartin Frobisher |
| 250 | _a5th ed. | ||
| 260 |
_aLondon : _bW.B.Saunders, _cc1954. |
||
| 300 |
_axxi, 633 p. : _bill. ; _c22 cm. |
||
| 500 | _aIncludes index | ||
| 650 | 0 |
_a Microbiology. _9165055 |
|
| 650 | 0 |
_aMicrobiologie. _9165056 |
|
| 650 | 0 |
_aMikrobiologie. _9165057 |
|
| 942 |
_2ddc _cBK |
||
| 999 |
_c55408 _d55408 |
||